Giáo án điện tử dành cho các môn ngữ văn và các môn khoa học xã hội tiểu học, trung học cơ sở và trung học phổ thông

Na minha lista:
Detalhes bibliográficos
Autor principal: Hoàng Nhất Huy
Formato: Livro
Idioma:Undetermined
Publicado em: Đà Nẵng Đà Nẵng 2004
Assuntos:
Tags: Adicionar Tag
Sem tags, seja o primeiro a adicionar uma tag!
Thư viện lưu trữ: Trung tâm Học liệu Trường Đại học Cần Thơ
LEADER 00664nam a2200193Ia 4500
001 CTU_60187
008 210402s9999 xx 000 0 und d
020 |b 25000 
082 |a 375.000285 
082 |b H523 
100 |a Hoàng Nhất Huy 
245 0 |a Giáo án điện tử dành cho các môn ngữ văn và các môn khoa học xã hội tiểu học, trung học cơ sở và trung học phổ thông 
245 0 |c Hoàng Nhất Huy 
260 |a Đà Nẵng 
260 |b Đà Nẵng 
260 |c 2004 
650 |a curriculum planning 
904 |i Minh 
980 |a Trung tâm Học liệu Trường Đại học Cần Thơ